Les Joies dels nostres museus : art en els museus locals de la província de Barcelona / Francesc Fontbona, Conxita Gil ; fotografies: Ramon Manent art en els museus locals de la província de Barcelona / Francesc Fontbona, Conxita Gil ; fotografies:
ISBN:
978-84-9803-360-1
Descripción Física:
509 p. : il. col. ; 25 cm
MARC
| LEADER | 00000nam a2200000Ia 4500 | ||
|---|---|---|---|
| 001 | 22211 | ||
| 008 | 160829s2009 xx 000 0 cat d | ||
| 020 | |a 978-84-9803-360-1 | ||
| 080 | |a B-2-205 | ||
| 100 | |a Fontbona, Francesc |9 26331 | ||
| 245 | |a Les Joies dels nostres museus : |b art en els museus locals de la província de Barcelona / Francesc Fontbona, Conxita Gil ; fotografies: |b Ramon Manent | ||
| 260 | |a Barcelona : |b Diputació de Barcelona, |c 2009 | ||
| 300 | |a 509 p. : |b il. col. ; |c 25 cm | ||
| 650 | |a Museus d'art |x Barcelona (Província) |9 39549 | ||
| 650 | |a Xarxa de Museus Locals | ||
| 700 | |a Gil, Conxita |9 39550 | ||
| 700 | |a Manent, Ramon, |d 1948- |e fotògraf |9 39599 | ||
| 710 | 1 | |a Barcelona (Catalunya : Província). |b Diputació |9 52408 | |
| 901 | |a Arxiu | ||
| 942 | |n 1 |2 udc | ||
| 952 | |0 0 |1 0 |4 0 |6 B2205 |7 1 |9 49078 |a Arxiu |b Arxiu |d 2016-12-01 |l 0 |o B-2-205 |p 22211 |r 2016-12-01 00:00:00 |w 2016-12-01 |y ARXIU | ||
| 999 | |c 52915 |d 52915 | ||